header

Nice teams finish last (Record no. 101304)

MARC details
000 -LEADER
fixed length control field 01260nam a2200313Ia 4500
082 04 - DEWEY DECIMAL CLASSIFICATION NUMBER
Classification number 658.4/022
100 1# - MAIN ENTRY--AUTHOR NAME
Personal name Miller, Brian Cole,
245 10 - TITLE STATEMENT
Title Nice teams finish last
260 ## - PUBLICATION, DISTRIBUTION, ETC. (IMPRINT)
Place of publication New York :
Name of publisher American Management Association,
Year of publication 2010.
300 ## - PHYSICAL DESCRIPTION
Number of Pages xii, 209 p. :
Other physical details ill.
650 #0 - SUBJECT ADDED ENTRY--TOPICAL TERM
Topical Term Teams in the workplace.
Topical Term Communication in organizations.
Topical Term Interpersonal communication.
856 40 - ELECTRONIC LOCATION AND ACCESS
Uniform Resource Identifier http://site.ebrary.com/lib/rucke/Doc?id=10387202

No items available.

© 2026 Rongo University
Contact us: librarian | system librarian | Rongo university